Plus Grandes Villes Pays Bas - Statistiques

Statistiques générales
  • Ce quiz a été pris 140 fois
  • Le résultat moyen est 11 sur 31
Statistiques - réponses
Ville
Population
(en milliers)
% Correct
Amsterdam 840
100%
Rotterdam 632
98%
La Haye 521
89%
Utrecht 340
78%
Eindhoven 225
75%
Maastricht 122
64%
Groningue 199
62%
Bréda 182
50%
Haarlem 158
40%
Nimègue 172
40%
Alkmaar 107
39%
Tilbourg 213
39%
Arnhem 154
38%
Zwolle 125
30%
Bois le Duc 151
29%
Almere 199
26%
Delft 100
21%
Dordrecht 118
20%
Enschede 157
20%
Leyde 122
19%
Apeldoorn 159
18%
Leeuwarden 107
18%
Amersfoort 153
16%
Emmen 107
11%
Ede 112
9%
Zoetermeer 124
9%
Zaanstad 152
3%
Alphen sur le Rhin 108
2%
Westland 105
1%
Haarlemmeermeer 145
0%
Venio 100
0%
Aucun quiz correspondant
Distribution des résultats
% des personnes avec chaque résultat
Percentile par nombre de réponses
Votre historique - résultats
Vous n’avez pas pris ce quiz